000 01249nam a2200385 a 4500
001 000005861
003 DO-SdBNP
005 20171107084352.0
007 000005861
008 090824s2009 dr a 000 j spa d
020 _a9789945863048
040 _aBPMSU
_bspa
_cBPMSU
082 0 4 _aRD863.44
_bB511m
100 1 _aBeriguete, Marino,
_d1962-
245 1 0 _aMelissa y el árbol ; Dos gotas de agua /
_cMarino Beriguete.
260 _aSanto Domingo :
_bEdiciones Biik,
_c2009.
300 _a45 p. :
_bil. ;
_c19 cm.
500 _aIncluye breve biografía del autor en la contra cubierta.
500 _aIncluye breve biografía del autor en la contra cubierta.
501 _a
505 _aDos gotas de agua
563 _aDos obras publicadas juntas con paginación contínua
650 4 _aCUENTOS DOMINICANOS
650 4 _aLITERATURA DOMINICANA
700 1 _aBeriguete, Marino
_tDos gotas de agua.
740 _aDos gotas de agua
910 _aValidado. Control de calidad MFF
930 1 _l
_m
_8
_f
_p
_g
930 1 _l
_m
_8
_f
_p
_g
_h
942 _2ddc
_cBK
945 _aInventariado infantil dom / 2017 VM
956 _a
_b
_c
_l
_h
956 _a
_b
_c
_l
_h
956 _aVMATEO
_b10
_c20150903
_lBPMSU
_h00151
999 _c7472
_d7472